000 01100cam a22002174a 4500
005 20250605164116.0
008 250528s ||||||||||||||||||||||||d
035 _a18100
020 _a534597696
040 _aGR-AtMCL
_bgre
_dGR-AtMCL
_eAACR2
245 1 _aPsychology / Themes and Variations
250 _a6th
260 _bThomson/ Wadsworth,
_c2004
300 _a826
520 _aFilled with exciting, current research and practical ways that you can apply psychology to your everyday life. The Evolution of Psychology, The Research Enterprise in Psychology, The Biological Bases of Behavior, Sensation and Perception, Variations in Consciousness, Learning, Human Memory, Language and Thought, Intelligence and Psychological Testing, Motivation and Emotion, Human Development Across the Life Span, Personality: Theory and Research and Assessment, Stress and Coping and Health, Psychological Disorders, Social Behavior, Glossary, References, Name and Subject Index.
700 1 _aHalpern Diane F
_94350
700 1 _aWeiten Wayne
_9282
942 _cBK
999 _c3484
_d3484